Contemporary latin American culture.

Gespeichert in:
Bibliographische Detailangaben
1. Verfasser: Edmonson, Munro S. (autor)
Weitere Verfasser: Fishburne Collieer, Jane (autor) (autor), Madsen, Claudia (autor) (autor)
Format: Buch
Sprache:Englisch
Schriftenreihe:(Middle American Research Institute Tule University)
Schlagworte:
Tags: Tag hinzufügen
Keine Tags, Fügen Sie das erste Tag hinzu!

MARC

LEADER 00000cam^a2200000uu^4500
001 000463512
005 20250521000000.0
008 050901s1968^^^^^^^^^^^^rd^r^^000^0^eng^d
009 20260310124313.624
035 |a FCE 000006062 
035 |a FCE 024072 
037 |a Acervo ITESO - Biblioteca 
041 |a eng 
082 0 4 |a 306  |b EDMc 
100 |a Edmonson, Munro S.  |e (autor) 
245 1 0 |a Contemporary latin American culture. 
264 |a New Orleans :  |b The Ford Foundation,  |c 1968. 
300 |a 201 p. 
336 |a texto  |b txt  |2 rdacontenido 
337 |a sin mediación  |b n  |2 rdamedio 
338 |a volumen  |b nc  |2 rdasoporte 
440 0 |a (Middle American Research Institute Tule University) 
649 |a XX 
650 |a Medicina 
650 |a Valores 
650 |a Cultura 
650 |a Folclore 
650 |a Los Manitos 
650 |a América Latina 
650 |a Chiapas, México 
650 |a Zinacantán, Chiapas 
700 |a Fishburne Collieer, Jane  |e (autor) 
700 |a Madsen, Claudia  |e (autor) 
910 |a Fondo Centro de Estudios Educativos 
920 |a Impresos - Libros 
930 |a Fondos Especiales 
905 |a 133 
901 |a ALE024072  |b IT2  |c CEE  |u 20250521 
902 |a https://opac.biblio.iteso.mx/vufind/Record/000463512